1606 1300 1184 1101 1590 1299 1684 1350 1227 1289 1182 1615 1847 1906 1154 1116 1892 1613 1735 1321 1098 1793 1138 1556 1911 1099 1158 1511 1170 1582 1078 1086 1114 1044 1413 1173 1986 1293 1108 1490 1694 1110 1304 1857 1038 1801 1135 1086 1585 1099 1496 1510 1239 1605 1651 1366 1685 1196 1099 1464 1490 1255 1150 1876 1471 1734 1248 1448 1046 1835 1148 1042 1678 1822 1290 1915 1551 1407 1510 1437 1258 1950 1414 1995 1451 1158 1030 1433 1438 1485 1541 1510 1569 1793 1200 1061 1400 1966 1408 BCNSPRNW ULIB Ver.6.0+V

เปลี่ยนเป็นภาษาไทย

Change to English
 แสดงรายละเอียดบรรณานุกรม
  กลับหน้าหลัก

Brief Record : Get Marc (ISO 2709) : E-mail record : QR code < ปิดหน้าต่าง
LEADER : 00000nam 2200000 a 4500
001    13399114488
003     ULIB
008    090903s2009 us a b 001 0 eng d
020    ^a9781416047407
060 04 ^aQV748^bK26c
100 1  ^aKee, Joyce LeFever
245 10 ^aClinical calculations :^bwith applications to general and
250    ^a6th ed.
260    ^aSt. Louis :^bSaunders Elsevier,^cc2009
300    ^axxvii, 414 p. :^bill. (some col.) ;^c26 cm. +^e1 computer
500    ^aSend to Single Search
504    ^aIncludes bibliographical references and index
650  2 ^aPharmaceutical Preparations^xadministration & dosage
650  2 ^aMathematics^vNurses is Instruction
700 1  ^aMarshall, Sally M.
945    ^p0^l0^i031610
995    ^a Kesorn
999 ^a ใช้งานได้ทุกระบบ
รายการนี้ยังไม่มีแท็ก
คุณยังไม่ได้ล็อกอิน คุณสามารถมีกิจกรรมร่วมกับเว็บไซต์ได้ แต่ต้องล็อกอินก่อน ::
  ล็อกอิน

รายการสื่อสารสนเทศ

ลำดับที่ ประเภท เลขเรียก/บาร์โค้ด สถานที่ สถานะ
- ไม่พบข้อมูล -

รายการใกล้เคียง
    หัวเรื่อง [Pharmaceutical Preparations administration & dosage]

BibComment


ยังไม่เคยถูกคอมเมนท์

คอมเมนท์ทรัพยากรรายการนี้
  คอมเมนท์: Clinical calcula..


 Copyright 2026. Bcnsprnw @Library